Loading...
| Arts - Music | 9 | 13.33 | 78% | 56% | 0% |
| Arts - Other Arts | 5 | 18.00 | 60% | 60% | 60% |
| Arts - Painting | 6 | 13.33 | 100% | 0% | 33% |
| Beliefs - Mythology | 1 | 20.00 | 100% | 100% | 0% |
| History - American History | 4 | 20.00 | 100% | 100% | 0% |
| History - Euro History | 1 | 20.00 | 100% | 100% | 0% |
| History - European | 5 | 20.00 | 100% | 80% | 20% |
| History - Other History | 4 | 15.00 | 75% | 50% | 25% |
| History - World | 4 | 20.00 | 75% | 100% | 25% |
| History - World History | 5 | 22.00 | 80% | 80% | 60% |
| Literature - American Lit | 8 | 17.50 | 88% | 63% | 25% |
| Literature - British Lit | 8 | 13.75 | 88% | 38% | 13% |
| Literature - Euro Lit | 1 | 20.00 | 100% | 100% | 0% |
| Literature - European Lit | 5 | 20.00 | 80% | 60% | 60% |
| Literature - World Lit | 4 | 15.00 | 100% | 50% | 0% |
| Mythology | 4 | 22.50 | 50% | 100% | 75% |
| Other - Geo/CE | 6 | 21.67 | 83% | 67% | 67% |
| Other Academic | 4 | 17.50 | 100% | 75% | 0% |
| Pop Culture | 4 | 12.50 | 75% | 25% | 25% |
| Religion | 5 | 16.00 | 100% | 60% | 0% |
| Science - Biology | 2 | 20.00 | 100% | 100% | 0% |
| Science - Chemistry | 4 | 22.50 | 100% | 100% | 25% |
| Science - Engineering | 1 | 20.00 | 100% | 100% | 0% |
| Science - Other Science | 6 | 16.67 | 100% | 50% | 17% |
| Science - Physics | 8 | 16.25 | 88% | 63% | 13% |
| Thought - Philosophy | 9 | 14.44 | 78% | 44% | 22% |
| Thought - Social Science | 5 | 18.00 | 60% | 80% | 40% |